00758 a2200205 4500003000500000005001700005040000900022082001000031100004200041245010500083260002000188300001000208505014800218538002900366650001600395651001100411942000800422999001900430952010300449Nust20170207153204.0 cNust a005.1 aKhan, Muhammad Abdul Qayyum (MSCS-1) aAn integrated environment for unix system management using X windowscMuhammad Abdul Qayyum Khan  bMCSc1996aRwp. a82 p. aIntroduction (page-1), System administration (page-7), X window system (page-24), Design and implementation (page-37), Conclusions (page-69).  aAlmirah No 73 Shelf No 1 aMSCS Thesis aMSCS-1 cTHS c181100d181100 00102ddc40708NFICaMCSbMCSd2016-12-12l0o005.1 ABDpMCSTCS-25r2016-12-08w2016-12-12yBK